R.K.Narayan / (Record no. 63639)

MARC details
000 -LEADER
fixed length control field 01285nam a22002417a 4500
005 - DATE AND TIME OF LATEST TRANSACTION
control field 20120229150836.0
010 ## - LCCN (DPL NO)
LC control number B-446561-563
020 ## - INTERNATIONAL STANDARD BOOK NUMBER
International Standard Book Number 9788130914527
Terms of availability 195.00
035 ## - SYSTEM CONTROL NUMBER
System control number B-446561-563
037 ## - SOURCE OF ACQUISITION
Source of stock number/acquisition Blue Berry/Ven
082 ## - DEWEY DECIMAL CLASSIFICATION NUMBER
Classification number 883.092
100 ## - MAIN ENTRY--PERSONAL NAME
Personal name Thieme ,John
245 ## - TITLE STATEMENT
Title R.K.Narayan /
Statement of responsibility, etc by John Thieme
260 ## - PUBLICATION, DISTRIBUTION, ETC. (IMPRINT)
Place of publication, distribution, etc New Delhi
Name of publisher, distributor, etc Viva Books
Date of publication, distribution, etc 2011(repr.)
270 ## - ADDRESS
Address 4737/23, Ansari Road Darya Ganj,
City NewDelhi
Postal code 110002
Telephone number 011-42242200
Electronic mail address vivadelhi@vivagroupindia.net
300 ## - PHYSICAL DESCRIPTION
Extent xiii,249p.
Other physical details 20cm(pbk)
700 ## - ADDED ENTRY--PERSONAL NAME
9 (RLIN) 43266
942 ## - ADDED ENTRY ELEMENTS (KOHA)
Source of classification or shelving scheme Dewey Decimal Classification
Item type English Books
Call number suffix THI
Classification part 883.092
Holdings
Withdrawn status Lost status Not for loan Collection code Home library Current library Date acquired Source of acquisition Cost, normal purchase price Full call number Barcode Copy number Cost, replacement price Koha item type
      Non-fiction Central Library Central Library 07/03/2012 Blue Berry/7045/29.09.2011/06/15.09.2011.09.11.2011 195.00 883.092 THI B-446561 1 195.00 English Books
      Non-fiction Patel Nagar Patel Nagar 07/03/2012 Blue Berry/7045/29.09.2011/06/15.09.2011.09.11.2011 195.00 883.092 THI B-446562 1 195.00 English Books
      Non-fiction Sarojini Nagar Sarojini Nagar 07/03/2012 Blue Berry/7045/29.09.2011/06/15.09.2011.09.11.2011 195.00 883.092 THI B-446563 1 195.00 English Books

© Delhi Public Library
Hit Counter
free hit counter